[Event "Titled Tuesday intern op 21st Sept"]
[Site "Chess.com INT"]
[Date "2021.09.21"]
[Round "5"]
[White "Balleisen, Aaron S"]
[Black "Yi, Richard"]
[Result "1-0"]
[WhiteElo "2250"]
[BlackElo "2130"]
[PlyCount "163"]
[EventDate "2021.09.21"]
[EventType "swiss (blitz)"]
[EventRounds "9"]
[EventCountry "USA"]
[SourceTitle "EXT 2022"]
[Source "ChessBase"]
[SourceDate "2021.10.06"]
[SourceVersion "1"]
[SourceVersionDate "2021.10.06"]
[SourceQuality "1"]

1. d4 Nf6 2. c4 g6 3. Nf3 Bg7 4. g3 0-0 5. Bg2 d6 6. 0-0 Nc6 7. d5 Ne5 8. Nxe5 dxe5 9. Nc3 Rb8 10. e4 e6 11. Be3 a6 12. Rc1 b6 13. f3 exd5 14. cxd5 Qd6 15. Qa4 Bb7 16. Rfd1 Nd7 17. b4 f5 18. Bh3 b5 19. Qb3 f4 20. Bxd7 Qxd7 21. Bc5 Rf7 22. g4 Bf8 23. a4 Bd6 24. axb5 axb5 25. Ra1 Bc8 26. Ra7 h5 27. h3 Qd8 28. Bf2 Qe7 29. Rda1 Bxb4 30. Ra8 Bxc3 31. Rxb8 Bxa1 32. Rxc8+ Kg7 33. Qxb5 hxg4 34. hxg4 Rf8 35. Rxf8 Qxf8 36. Qd7+ Qf7 37. Qc6 Bd4 38. Bxd4 exd4 39. e5 Qe7 40. d6 Qxe5 41. dxc7 Qe1+ 42. Kg2 Qg3+ 43. Kf1 Qh3+ 44. Ke1 Qh1+ 45. Kd2 Qg2+ 46. Kd3 Qf1+ 47. Kxd4 Qd1+ 48. Ke5 Qe2+ 49. Kxf4 Qh2+ 50. Ke4 Qe2+ 51. Kd5 Qd3+ 52. Ke6 Qe3+ 53. Kd7 Qd4+ 54. Qd6 Qa4+ 55. Kd8 Qa5 56. Qd7+ Kh6 57. f4 Qb6 58. f5 Qf6+ 59. Ke8 Qh8+ 60. Ke7 Qg7+ 61. Kd8 Qf8+ 62. Qe8 Qd6+ 63. Kc8 gxf5 64. Qh8+ Kg5 65. Qg7+ Kf4 66. gxf5 Qa6+ 67. Kd8 Qd6+ 68. Qd7 Qf8+ 69. Qe8 Qd6+ 70. Kc8 Qa6+ 71. Kb8 Qb6+ 72. Kc8 Qa6+ 73. Kd7 Qb5+ 74. Ke7 Qe5+ 75. Kf7 Qxc7+ 76. Qe7 Qc4+ 77. Kg6 Qc6+ 78. Qe6 Qg2+ 79. Kf7 Qg5 80. f6 Qh5+ 81. Ke7 Qc5+ 82. Qd6+ 1-0

[Event "Titled Tuesday intern op 21st Sept"]
[Site "Chess.com INT"]
[Date "2021.09.21"]
[Round "9"]
[White "Haitin, Ilja"]
[Black "Balleisen, Aaron S"]
[Result "0-1"]
[WhiteElo "2337"]
[BlackElo "2250"]
[PlyCount "74"]
[EventDate "2021.09.21"]
[EventType "swiss (blitz)"]
[EventRounds "9"]
[EventCountry "USA"]
[SourceTitle "EXT 2022"]
[Source "ChessBase"]
[SourceDate "2021.10.06"]
[SourceVersion "1"]
[SourceVersionDate "2021.10.06"]
[SourceQuality "1"]

1. e4 c5 2. d3 Nc6 3. g3 g6 4. Bg2 Bg7 5. f4 Rb8 6. Nf3 b5 7. 0-0 Nh6 8. a4 a6 9. axb5 axb5 10. h3 f5 11. e5 0-0 12. c3 d6 13. d4 Nf7 14. Be3 Qc7 15. Nbd2 cxd4 16. cxd4 Be6 17. Nh4 Nb4 18. Rc1 Qa7 19. Bf2 Qa2 20. Ndf3 Bc4 21. Rxc4 bxc4 22. g4 fxg4 23. hxg4 Qxb2 24. e6 Nh6 25. f5 Nxg4 26. fxg6 h6 27. Qa4 Nxf2 28. Rxf2 Bxd4 29. Qd7 Qxf2+ 30. Kh2 Be5+ 31. Nxe5 Qxh4+ 32. Kg1 Qe1+ 33. Kh2 Qxe5+ 34. Kg1 Nd5 35. g7 Rb1+ 36. Bf1 Qg3+ 37. Kh1 Rfxf1# 0-1

[Event "Pan American Intercollegiate-chT"]
[Site "Chess.com INT"]
[Date "2021.01.05"]
[Round "6"]
[White "Kukavica, Tony"]
[Black "Balleisen, Aaron S"]
[Result "1-0"]
[WhiteElo "2035"]
[BlackElo "2211"]
[PlyCount "89"]
[EventDate "2021.01.04"]
[EventType "team-swiss (rapid)"]
[EventRounds "9"]
[EventCountry "USA"]
[SourceTitle "CBM 200 Extra"]
[Source "ChessBase"]
[SourceDate "2021.03.31"]
[SourceVersion "1"]
[SourceVersionDate "2021.03.31"]
[SourceQuality "1"]
[WhiteTeam "Caltech"]
[BlackTeam "Princeton"]
[WhiteTeamCountry "USA"]
[BlackTeamCountry "USA"]

1. Nf3 Nf6 2. e3 b6 3. c4 Bb7 4. Nc3 g6 5. b4 Bg7 6. Bb2 0-0 7. d4 c5 8. bxc5 bxc5 9. Be2 d5 10. 0-0 cxd4 11. Nxd4 dxc4 12. Bxc4 Nc6 13. Ncb5 Nxd4 14. Nxd4 Rc8 15. Qe2 Qa5 16. Rac1 Qg5 17. f3 Bd5 18. f4 Qh4 19. g3 Qh3 20. Bxd5 Nxd5 21. e4 Nb6 22. Rfd1 Rxc1 23. Rxc1 Qd7 24. e5 Rc8 25. Rd1 e6 26. Nb5 Nd5 27. Nd6 Rb8 28. Bd4 Bf8 29. Ne4 Be7 30. Bc5 Bxc5+ 31. Nxc5 Qb5 32. Qxb5 Rxb5 33. Nb3 a5 34. Rd2 a4 35. Nd4 Rb1+ 36. Kf2 Nc3 37. Ke3 a3 38. Nc6 Nd5+ 39. Kd3 Kg7 40. Na5 Rb5 41. Nc4 g5 42. Nxa3 Ra5 43. Nc4 Ra4 44. fxg5 Kg6 45. h4 1-0

[Event "Titled Tuesday intern op 19th May"]
[Site "Chess.com INT"]
[Date "2020.05.19"]
[Round "9"]
[White "Carlstedt, Jonathan"]
[Black "Balleisen, Aaron S"]
[Result "1-0"]
[WhiteElo "2451"]
[BlackElo "2211"]
[PlyCount "93"]
[EventDate "2020.05.19"]
[EventType "swiss (blitz)"]
[EventRounds "10"]
[EventCountry "USA"]
[SourceTitle "EXT 2021"]
[Source "ChessBase"]
[SourceDate "2020.10.23"]
[SourceVersion "1"]
[SourceVersionDate "2020.10.23"]
[SourceQuality "1"]

1. d4 Nf6 2. Bf4 Nh5 3. Bd2 Nf6 4. Nc3 Nc6 5. Nf3 d5 6. Bg5 Bg4 7. Ne5 Nxe5 8. dxe5 Ne4 9. Nxe4 dxe4 10. h3 Bf5 11. g4 Bg6 12. Bg2 h6 13. Be3 e6 14. c3 h5 15. Qa4+ Qd7 16. Qxd7+ Kxd7 17. 0-0-0+ Ke8 18. f4 Rd8 19. Rdf1 hxg4 20. hxg4 Rxh1 21. Bxh1 f5 22. gxf5 exf5 23. Bf2 Bh5 24. Bh4 Rd5 25. Rd1 c6 26. Rxd5 cxd5 27. Kd2 Bc5 28. e3 Kd7 29. Bg2 b5 30. Bh3 g6 31. Bf1 a6 32. a4 bxa4 33. Bxa6 a3 34. bxa3 Bxa3 35. Bb7 Ke6 36. Bc8+ Kf7 37. e6+ Ke8 38. Bd7+ Kf8 39. Bf6 Be7 40. Be5 Kg8 41. c4 g5 42. fxg5 dxc4 43. Bf6 Bxf6 44. gxf6 Bf7 45. e7 Kh7 46. Be6 Kg6 47. Bxc4 1-0

[Event "Titled Tuesday intern op 21st April"]
[Site "Chess.com INT"]
[Date "2020.04.21"]
[Round "2"]
[White "Dardha, Daniel"]
[Black "Balleisen, Aaron S"]
[Result "1-0"]
[WhiteElo "2449"]
[BlackElo "2211"]
[PlyCount "79"]
[EventDate "2020.04.21"]
[EventType "swiss (blitz)"]
[EventRounds "10"]
[EventCountry "USA"]
[SourceTitle "EXT 2021"]
[Source "ChessBase"]
[SourceDate "2020.10.23"]
[SourceVersion "1"]
[SourceVersionDate "2020.10.23"]
[SourceQuality "1"]

1. Nf3 Nf6 2. g3 b6 3. Bg2 Bb7 4. c4 g6 5. Nc3 Bg7 6. 0-0 0-0 7. d4 Ne4 8. Bd2 c5 9. d5 Nxd2 10. Qxd2 e6 11. e4 e5 12. h4 d6 13. h5 Na6 14. Bh3 Nc7 15. a4 Bc8 16. Bxc8 Qxc8 17. Kg2 f5 18. hxg6 hxg6 19. Ng5 f4 20. Qe2 Bh6 21. Nf3 Kg7 22. Rh1 a6 23. Rh4 b5 24. axb5 axb5 25. Rxa8 Qxa8 26. cxb5 Qb8 27. g4 g5 28. Rh5 Kg6 29. Nd2 Bg7 30. Kf3 Rh8 31. Rxh8 Qxh8 32. Kg2 Bf6 33. Nc4 Ne8 34. b6 Bd8 35. Nb5 Qf6 36. b7 Bc7 37. Nxc7 Qd8 38. Nxe8 Qxe8 39. Nxd6 Qb8 40. Qa6 1-0

[Event "Charlotte CCCSA Summer IM-B"]
[Site "Charlotte"]
[Date "2019.06.08"]
[Round "7"]
[White "Balleisen, Aaron S"]
[Black "Martin Del Campo C, Roberto Abel"]
[Result "1-0"]
[WhiteElo "2203"]
[BlackElo "2313"]
[PlyCount "95"]
[EventDate "2019.06.05"]
[EventType "tourn"]
[EventRounds "9"]
[EventCountry "USA"]
[EventCategory "3"]
[SourceTitle "CBM 190 Extra"]
[Source "ChessBase"]
[SourceDate "2019.07.15"]
[SourceVersion "1"]
[SourceVersionDate "2019.07.15"]
[SourceQuality "1"]

1. c4 g6 2. g3 Bg7 3. Bg2 d6 4. Nc3 Nf6 5. e4 c5 6. Nge2 Nc6 7. 0-0 0-0 8. d3 Ne8 9. Be3 Nc7 10. d4 b6 11. d5 Na5 12. b3 a6 13. Qd3 b5 14. Rab1 Bd7 15. a3 Rb8 16. Rfc1 e6 17. Nd1 exd5 18. cxd5 Re8 19. b4 c4 20. Qc2 Nb3 21. Rxb3 cxb3 22. Qxb3 Na8 23. Nd4 Nb6 24. Nc6 Bxc6 25. dxc6 Nc4 26. Rxc4 bxc4 27. Qxc4 Qf6 28. Qxa6 Ra8 29. Qd3 Qa1 30. b5 Rxa3 31. Qxd6 Bf8 32. Qd7 Qb1 33. Bf3 Re7 34. Qc8 Rxe3 35. fxe3 Qxb5 36. Nc3 Qb2 37. Ne2 Ra7 38. Kf2 Kg7 39. Qd8 Qe5 40. Qd4 Re7 41. Nf4 Kh6 42. Nd5 Qxd4 43. exd4 Re6 44. c7 Rc6 45. e5 f5 46. Be2 Ba3 47. Ba6 Rc2+ 48. Ke3 1-0

[Event "Charlotte CCCSA Summer IM-B"]
[Site "Charlotte"]
[Date "2019.06.07"]
[Round "5"]
[White "Hevia Alejano, Carlos Antonio"]
[Black "Balleisen, Aaron S"]
[Result "1-0"]
[WhiteElo "2471"]
[BlackElo "2203"]
[PlyCount "129"]
[EventDate "2019.06.05"]
[EventType "tourn"]
[EventRounds "9"]
[EventCountry "USA"]
[EventCategory "3"]
[SourceTitle "CBM 190 Extra"]
[Source "ChessBase"]
[SourceDate "2019.07.15"]
[SourceVersion "1"]
[SourceVersionDate "2019.07.15"]
[SourceQuality "1"]

1. Nf3 Nf6 2. d4 b6 3. c4 Bb7 4. Nc3 e6 5. a3 Bd6 6. e3 Ne4 7. Nxe4 Bxe4 8. b3 Qf6 9. Bd3 Bxf3 10. Qxf3 Qxf3 11. gxf3 c5 12. Be4 Nc6 13. dxc5 Be5 14. Rb1 bxc5 15. Bd2 f5 16. Bxc6 dxc6 17. Ba5 Rb8 18. Kd2 Rb7 19. Kc2 Ke7 20. f4 Bf6 21. Rbd1 Rc8 22. Rd3 Rd7 23. Rxd7+ Kxd7 24. Rd1+ Ke8 25. b4 cxb4 26. axb4 Be7 27. Kc3 Rb8 28. c5 Rb7 29. Kc4 Rd7 30. Rg1 g6 31. b5 Rd5 32. Bb4 cxb5+ 33. Kxb5 a5 34. Ba3 Kd7 35. Kb6 Kc8 36. Rb1 Rd3 37. Ra1 Rb3+ 38. Kc6 Rb7 39. Ra2 Rc7+ 40. Kb5 Rb7+ 41. Kc4 Kc7 42. e4 fxe4 43. Re2 Bh4 44. Rxe4 Bxf2 45. Rxe6 Bh4 46. Ra6 Be1 47. Re6 Bh4 48. f5 gxf5 49. Rh6 Be1 50. Rxh7+ Kb8 51. Rh8+ Ka7 52. c6 Rb8 53. Rh7+ Kb6 54. Kd5 Bb4 55. Bb2 Rd8+ 56. Rd7 Be7 57. Ke6 Kxc6 58. Rxe7 f4 59. Be5 f3 60. Rc7+ Kb5 61. Rf7 Rd3 62. h4 a4 63. h5 f2 64. Rxf2 Rh3 65. Rh2 1-0

[Event "Charlotte CCCSA Summer IM-B"]
[Site "Charlotte"]
[Date "2019.06.05"]
[Round "1"]
[White "Turgut, Aydin"]
[Black "Balleisen, Aaron S"]
[Result "1-0"]
[WhiteElo "2195"]
[BlackElo "2203"]
[PlyCount "83"]
[EventDate "2019.06.05"]
[EventType "tourn"]
[EventRounds "9"]
[EventCountry "USA"]
[EventCategory "3"]
[SourceTitle "CBM 190 Extra"]
[Source "ChessBase"]
[SourceDate "2019.07.15"]
[SourceVersion "1"]
[SourceVersionDate "2019.07.15"]
[SourceQuality "1"]

1. e4 c5 2. Nf3 Nc6 3. d4 cxd4 4. Nxd4 Nf6 5. Nc3 d6 6. Bg5 Bd7 7. Qd2 Rc8 8. f4 Nxd4 9. Qxd4 Qa5 10. e5 dxe5 11. fxe5 e6 12. 0-0-0 Bc6 13. Nb5 Bxb5 14. exf6 Bc6 15. h4 g6 16. Bc4 Qc5 17. Qd3 Qf5 18. Qc3 Bd5 19. Bb5+ Bc6 20. Bc4 Bd5 21. Rd4 Bd6 22. g4 Qf2 23. Be3 Qf3 24. Bxd5 Rxc3 25. Bxf3 Rxe3 26. Bxb7 Kd7 27. Rhd1 Kc7 28. Rxd6 Kxb7 29. Rd7+ Kb6 30. Rxf7 Re4 31. g5 Rxh4 32. Re7 Rf8 33. Rf1 h6 34. gxh6 Rxh6 35. Rxe6+ Kc5 36. f7 Rh7 37. Rfe1 Rfxf7 38. R1e5+ Kc4 39. Re4+ Kd5 40. R4e5+ Kc4 41. b3+ Kc3 42. Re3+ 1-0

[Event "Ivy League Challenge"]
[Site "Toronto"]
[Date "2018.11.09"]
[Round "1.1"]
[White "Balleisen, Aaron S"]
[Black "Heimann, Mark A"]
[Result "0-1"]
[WhiteElo "2195"]
[BlackElo "2368"]
[PlyCount "96"]
[EventDate "2018.11.09"]
[EventType "team-tourn"]
[EventRounds "5"]
[EventCountry "CAN"]
[SourceTitle "CBM 187 Extra"]
[Source "ChessBase"]
[SourceDate "2018.11.04"]
[SourceVersion "1"]
[SourceVersionDate "2018.11.04"]
[SourceQuality "1"]
[WhiteTeam "Princeton University"]
[BlackTeam "Michigan Univ"]
[WhiteTeamCountry "USA"]
[BlackTeamCountry "USA"]

1. d4 d5 2. c4 Nf6 3. cxd5 Nxd5 4. e4 Nf6 5. Nc3 e5 6. d5 c6 7. Nf3 Bb4 8. Qb3 Bxc3+ 9. Qxc3 0-0 10. Bg5 Nxe4 11. Bxd8 Nxc3 12. dxc6 Nxc6 13. Bh4 Nd5 14. Bb5 e4 15. Bxc6 bxc6 16. Ne5 Ba6 17. Rc1 Nf4 18. Bg3 Nxg2+ 19. Kd2 e3+ 20. fxe3 Rfd8+ 21. Kc3 Nxe3 22. Nxc6 Rd3+ 23. Kb4 Nf5 24. Rhd1 Nxg3 25. Rxd3 Bxd3 26. hxg3 h5 27. Rc5 g6 28. a4 Be4 29. Ka5 Kg7 30. b4 a6 31. Kb6 Rc8 32. Kb7 Rxc6 33. Rxc6 g5 34. b5 axb5 35. axb5 h4 36. gxh4 gxh4 37. Ka7 h3 38. Rc4 h2 39. Rxe4 h1Q 40. Rg4+ Kf6 41. b6 Qa1+ 42. Kb7 Ke6 43. Rc4 f5 44. Rc6+ Kd5 45. Rc7 f4 46. Kc8 Qa8+ 47. Kd7 Qb8 48. b7 f3 0-1

[Event "Charlotte CCCSA IM-C"]
[Site "Charlotte"]
[Date "2017.04.01"]
[Round "6"]
[White "Balleisen, Aaron S"]
[Black "Stremavicius, Titas"]
[Result "1/2-1/2"]
[WhiteElo "2196"]
[BlackElo "2453"]
[PlyCount "85"]
[EventDate "2017.03.29"]
[EventType "tourn"]
[EventRounds "9"]
[EventCountry "USA"]
[EventCategory "3"]
[SourceTitle "CBM 177 Extra"]
[Source "ChessBase"]
[SourceDate "2017.04.27"]
[SourceVersion "1"]
[SourceVersionDate "2017.04.27"]
[SourceQuality "1"]

1. c4 f5 2. g3 Nf6 3. Nc3 g6 4. Bg2 Bg7 5. d3 e5 6. Nh3 0-0 7. 0-0 Nc6 8. Rb1 a5 9. a3 h6 10. f4 d6 11. Nf2 Kh7 12. Bd2 Be6 13. b4 axb4 14. axb4 exf4 15. gxf4 d5 16. b5 Ne7 17. Na4 dxc4 18. Nc5 Bd5 19. dxc4 Bxc4 20. Nxb7 Qd4 21. Bb4 Nfd5 22. Qxd4 Bxd4 23. Bxe7 Nxe7 24. Rb4 Bxf2+ 25. Kxf2 Bd5 26. Rc1 Rfc8 27. Bxd5 Nxd5 28. Rd4 Rab8 29. Rxd5 Rxb7 30. Rd7+ Kh8 31. Rc6 Rxb5 32. Rxg6 Rb6 33. Rxc7 Rxc7 34. Rxb6 Kg7 35. Re6 Rc1 36. Kg2 Re1 37. h4 h5 38. Re3 Kf6 39. Re8 Kf7 40. Re3 Kf6 41. Re5 Kg6 42. Re8 Kf7 43. Re3 1/2-1/2

[Event "Charlotte CCCSA IM-C"]
[Site "Charlotte"]
[Date "2017.03.31"]
[Round "4"]
[White "Homa, Seth"]
[Black "Balleisen, Aaron S"]
[Result "0-1"]
[WhiteElo "2326"]
[BlackElo "2196"]
[PlyCount "148"]
[EventDate "2017.03.29"]
[EventType "tourn"]
[EventRounds "9"]
[EventCountry "USA"]
[EventCategory "3"]
[SourceTitle "CBM 177 Extra"]
[Source "ChessBase"]
[SourceDate "2017.04.27"]
[SourceVersion "1"]
[SourceVersionDate "2017.04.27"]
[SourceQuality "1"]

1. d4 Nf6 2. Nf3 e6 3. Bg5 c5 4. e3 b6 5. d5 exd5 6. Nc3 Bb7 7. Nxd5 Bxd5 8. Bxf6 Qxf6 9. Qxd5 Nc6 10. 0-0-0 Rd8 11. Bb5 Be7 12. a3 0-0 13. Rd2 a6 14. Bxc6 dxc6 15. Qe5 Rxd2 16. Kxd2 Qg6 17. Kc1 Bf6 18. Qg3 Qxg3 19. hxg3 Rd8 20. c4 a5 21. a4 h6 22. Kc2 Kf8 23. Ne1 Ke7 24. Nd3 Rd6 25. Rh5 Re6 26. b3 Rd6 27. g4 Kf8 28. f4 Kg8 29. Rh1 Re6 30. Kd2 Re8 31. Rd1 Kf8 32. Rh1 Kg8 33. Nf2 Re6 34. Kd3 Rd6+ 35. Ke2 Be7 36. Ne4 Rd8 37. Ng3 Bf8 38. Nf5 b5 39. Rd1 Rb8 40. cxb5 cxb5 41. axb5 g6 42. Ng3 Rxb5 43. Rd3 Rb4 44. Kf3 c4 45. bxc4 Rxc4 46. Ne4 a4 47. Rd8 Kg7 48. Ra8 a3 49. f5 gxf5 50. gxf5 Be7 51. Ra7 Bb4 52. Ra4 Rc1 53. g4 Rb1 54. Ra7 Rb2 55. Kf4 a2 56. Ra8 Rc2 57. Kf3 Be7 58. Ng3 Kf6 59. Ne4+ Kg7 60. Ng3 Kf6 61. Ne4+ Kg7 62. Ra6 Bd8 63. Ra8 Bc7 64. g5 hxg5 65. f6+ Kg6 66. Kg4 Rg2+ 67. Kf3 Rh2 68. Kg4 Rh4+ 69. Kf3 g4+ 70. Ke2 Rh2+ 71. Kd3 Be5 72. Rg8+ Kh7 73. Rg7+ Kh6 74. Ng3 Bxg3 0-1

[Event "Charlotte CCCSA IM-C"]
[Site "Charlotte"]
[Date "2017.03.29"]
[Round "1"]
[White "Balleisen, Aaron S"]
[Black "Hong, Andrew Z"]
[Result "0-1"]
[WhiteElo "2196"]
[BlackElo "2378"]
[PlyCount "116"]
[EventDate "2017.03.29"]
[EventType "tourn"]
[EventRounds "9"]
[EventCountry "USA"]
[EventCategory "3"]
[SourceTitle "CBM 177 Extra"]
[Source "ChessBase"]
[SourceDate "2017.04.27"]
[SourceVersion "1"]
[SourceVersionDate "2017.04.27"]
[SourceQuality "1"]

1. c4 e6 2. Nf3 d5 3. d4 Nf6 4. g3 dxc4 5. Bg2 Bb4+ 6. Bd2 a5 7. Qc2 Bxd2+ 8. Qxd2 c6 9. Ne5 b5 10. a4 Nd5 11. Na3 f6 12. Nf3 Ba6 13. 0-0 0-0 14. e4 Nb4 15. d5 exd5 16. exd5 cxd5 17. axb5 Bb7 18. Nd4 Qb6 19. Bh3 Bc8 20. Bg2 Rd8 21. Qc3 Ra7 22. Rfe1 Qc5 23. Re3 Re7 24. Rxe7 Qxe7 25. Re1 Qc5 26. Re3 Bd7 27. b3 Rc8 28. bxc4 dxc4 29. h4 Nd5 30. Bxd5+ Qxd5 31. Kh2 a4 32. Nac2 Bxb5 33. Qa5 Bc6 34. Nxc6 Qxc6 35. Re7 Nd7 36. Qf5 Nf8 37. Qg4 g6 38. Qf4 Re8 39. Rxe8 Qxe8 40. Qxc4+ Kg7 41. Ne3 Qd7 42. Nd5 a3 43. Nc3 Ne6 44. Nb1 Qa7 45. Qa2 Nc7 46. Nc3 Qc5 47. Nb1 Nb5 48. Kg2 Qc1 49. Nd2 Nc3 50. Qe6 Qxd2 51. Qe7+ Kh6 52. Qf8+ Kh5 53. Qxa3 Qd5+ 54. Kh2 Ne4 55. g4+ Kxg4 56. f3+ Kxh4 57. fxe4 Qe5+ 58. Kg1 Qg3+ 0-1

[Event "PRO League Stage"]
[Site "Chess.com INT"]
[Date "2017.02.22"]
[Round "7"]
[White "Balleisen, Aaron S"]
[Black "Barbosa, Oliver"]
[Result "1-0"]
[WhiteElo "2127"]
[BlackElo "2518"]
[PlyCount "109"]
[EventDate "2017.01.11"]
[EventType "team-swiss (rapid)"]
[EventRounds "7"]
[EventCountry "USA"]
[SourceTitle "EXT 2018"]
[Source "ChessBase"]
[SourceDate "2017.10.13"]
[SourceVersion "1"]
[SourceVersionDate "2017.10.13"]
[SourceQuality "1"]
[WhiteTeam "Carolina Cobras"]
[BlackTeam "New York Knights"]
[WhiteTeamCountry "USA"]
[BlackTeamCountry "USA"]

1. c4 c6 2. Nf3 d5 3. d4 Nf6 4. Qc2 dxc4 5. Qxc4 Bg4 6. Nc3 Nbd7 7. e4 Bxf3 8. gxf3 e5 9. d5 Nb6 10. Qb3 Bc5 11. Rg1 g6 12. Bh6 Nfd7 13. dxc6 bxc6 14. 0-0-0 a5 15. Bg7 a4 16. Nxa4 Rxa4 17. Bxh8 Qa8 18. Rxd7 Nxd7 19. Bc4 Ke7 20. Bxf7 Qxh8 21. Qxa4 Kxf7 22. Qxc6 Ke7 23. Rd1 Bd4 24. Rd3 Qf8 25. a4 Qb8 26. Qc2 Qb4 27. Kb1 Nc5 28. Ra3 Qe1+ 29. Ka2 Na6 30. Qc4 Qa5 31. f4 Nb4+ 32. Kb3 Na6 33. f5 Qb6+ 34. Qb5 gxf5 35. Qxb6 Bxb6 36. exf5 Kf6 37. f3 Kxf5 38. Kc4 Bd4 39. b4 Kf4 40. a5 h5 41. b5 Nb8 42. a6 Nd7 43. Kd5 Nb6+ 44. Kc6 Nc4 45. a7 Bxa7 46. Rxa7 Kxf3 47. Kc5 Nb2 48. b6 Nd3+ 49. Kc4 e4 50. b7 Ne5+ 51. Kd5 Nd7 52. Kd6 Nb8 53. Kc7 e3 54. Kxb8 e2 55. Ra1 1-0

[Event "PRO League Stage"]
[Site "Chess.com INT"]
[Date "2017.02.22"]
[Round "7"]
[White "Paragua, Mark"]
[Black "Balleisen, Aaron S"]
[Result "0-1"]
[WhiteElo "2492"]
[BlackElo "2127"]
[PlyCount "86"]
[EventDate "2017.01.11"]
[EventType "team-swiss (rapid)"]
[EventRounds "7"]
[EventCountry "USA"]
[SourceTitle "EXT 2018"]
[Source "ChessBase"]
[SourceDate "2017.10.13"]
[SourceVersion "1"]
[SourceVersionDate "2017.10.13"]
[SourceQuality "1"]
[WhiteTeam "New York Knights"]
[BlackTeam "Carolina Cobras"]
[WhiteTeamCountry "USA"]
[BlackTeamCountry "USA"]

1. e4 e5 2. d4 exd4 3. Qxd4 Nc6 4. Qe3 Nge7 5. Bd2 d5 6. exd5 Qxd5 7. Nc3 Qe6 8. 0-0-0 Qxe3 9. Bxe3 Be6 10. Nf3 Nf5 11. Nb5 Rc8 12. Bf4 Nd6 13. Ng5 Nd8 14. Bxd6 Bxd6 15. Rxd6 cxd6 16. Nxd6+ Ke7 17. Nxc8+ Bxc8 18. Bc4 Ne6 19. Re1 h6 20. Nf3 Rd8 21. c3 Kf6 22. Ne5 Rd6 23. g3 g5 24. b4 Kg7 25. Kc2 Nd8 26. b5 Bf5+ 27. Bd3 Bxd3+ 28. Nxd3 Ne6 29. c4 Kf6 30. Kc3 b6 31. a4 Kf5 32. h3 h5 33. a5 h4 34. axb6 axb6 35. Ne5 Nc5 36. Nxf7 Rd3+ 37. Kc2 hxg3 38. fxg3 Rxg3 39. Nd6+ Kf4 40. Rf1+ Ke5 41. Nc8 Na4 42. Kd2 Kd4 43. Ra1 Rg2+ 0-1

[Event "PRO League Stage"]
[Site "Chess.com INT"]
[Date "2017.02.15"]
[Round "6"]
[White "Balleisen, Aaron S"]
[Black "Gurevich, Daniel"]
[Result "1/2-1/2"]
[WhiteElo "2127"]
[BlackElo "2455"]
[PlyCount "119"]
[EventDate "2017.01.11"]
[EventType "team-swiss (rapid)"]
[EventRounds "7"]
[EventCountry "USA"]
[SourceTitle "CBM 176 Extra"]
[Source "ChessBase"]
[SourceDate "2017.03.02"]
[SourceVersion "1"]
[SourceVersionDate "2017.03.02"]
[SourceQuality "1"]
[WhiteTeam "Carolina Cobras"]
[BlackTeam "Atlanta Kings"]
[WhiteTeamCountry "USA"]
[BlackTeamCountry "USA"]

1. c4 e5 2. g3 c6 3. d4 e4 4. Nc3 d5 5. Qb3 Ne7 6. f3 dxc4 7. Qxc4 Be6 8. Qa4 Nf5 9. d5 b5 10. Qb3 Bxd5 11. Nxd5 Qxd5 12. Qxd5 cxd5 13. Bg2 Bb4+ 14. Kf1 exf3 15. Nxf3 Nc6 16. a4 bxa4 17. Rxa4 a5 18. Ne1 0-0-0 19. Nd3 Rhe8 20. Nxb4 axb4 21. Bh3 g6 22. Bg5 Rd6 23. Kf2 Kb7 24. Rd1 Rde6 25. Rd2 f6 26. Bxf5 gxf5 27. Bf4 Kb6 28. e3 Rd8 29. b3 Kb5 30. Rda2 d4 31. exd4 Rxd4 32. Ra8 Rd3 33. Rb2 Nd4 34. Rb8+ Kc5 35. Rc8+ Rc6 36. Rxc6+ Kxc6 37. Bd2 Kb5 38. Bh6 Rxb3 39. Rxb3 Nxb3 40. Bg7 Nc5 41. Ke3 Ne4 42. g4 b3 43. Kd3 fxg4 44. Bh6 Ka4 45. Bc1 Nd6 46. Kd4 Nb5+ 47. Ke4 Kb4 48. Bb2 Nc3+ 49. Kf5 Nd1 50. Ba1 b2 51. Bxb2 Nxb2 52. Kxg4 Nd1 53. Kf5 h5 54. h4 Nf2 55. Kxf6 Ne4+ 56. Kf5 Ng3+ 57. Kf4 Ne2+ 58. Kg5 Ng3 59. Kf4 Ne2+ 60. Kg5 1/2-1/2

[Event "PRO League Atlantic"]
[Site "Chess.com INT"]
[Date "2017.02.01"]
[Round "4"]
[White "Balleisen, Aaron S"]
[Black "Hambleton, Aman"]
[Result "0-1"]
[WhiteElo "2127"]
[BlackElo "2441"]
[PlyCount "62"]
[EventDate "2017.01.11"]
[EventType "team-swiss (rapid)"]
[EventRounds "7"]
[EventCountry "USA"]
[SourceTitle "CBM 176 Extra"]
[Source "ChessBase"]
[SourceDate "2017.03.02"]
[SourceVersion "1"]
[SourceVersionDate "2017.03.02"]
[SourceQuality "1"]
[WhiteTeam "Carolina Cobras"]
[BlackTeam "Montreal ChessBrahs"]
[WhiteTeamCountry "USA"]
[BlackTeamCountry "CAN"]

1. c4 e5 2. g3 Nf6 3. Bg2 c6 4. d4 Bb4+ 5. Bd2 Bxd2+ 6. Qxd2 d6 7. Nc3 0-0 8. e3 Re8 9. Nge2 Nbd7 10. 0-0 e4 11. Rfc1 h5 12. h4 Nf8 13. b4 Ng6 14. a4 Bf5 15. a5 Ng4 16. c5 dxc5 17. bxc5 Nxh4 18. gxh4 Qxh4 19. Ng3 Qh2+ 20. Kf1 Be6 21. Ngxe4 Bc4+ 22. Ne2 Ba6 23. f3 Rxe4 24. fxe4 Qg3 25. Kg1 Qf2+ 26. Kh1 Nxe3 27. Bf1 Re8 28. Qe1 Qf3+ 29. Kg1 Rxe4 30. Ng3 Rg4 31. Ra2 Rxg3+ 0-1

[Event "PRO League Atlantic"]
[Site "Chess.com INT"]
[Date "2017.02.01"]
[Round "4"]
[White "Oussedik, Elias"]
[Black "Balleisen, Aaron S"]
[Result "1-0"]
[WhiteElo "2155"]
[BlackElo "2127"]
[PlyCount "123"]
[EventDate "2017.01.11"]
[EventType "team-swiss (rapid)"]
[EventRounds "7"]
[EventCountry "USA"]
[SourceTitle "CBM 176 Extra"]
[Source "ChessBase"]
[SourceDate "2017.03.02"]
[SourceVersion "1"]
[SourceVersionDate "2017.03.02"]
[SourceQuality "1"]
[WhiteTeam "Montreal ChessBrahs"]
[BlackTeam "Carolina Cobras"]
[WhiteTeamCountry "CAN"]
[BlackTeamCountry "USA"]

1. c4 b6 2. Nc3 Bb7 3. d4 e6 4. e4 Bb4 5. Bd3 f5 6. d5 fxe4 7. Bxe4 Nf6 8. Bf3 0-0 9. Nge2 Na6 10. 0-0 Qe8 11. a3 Bxc3 12. Nxc3 e5 13. Re1 d6 14. b4 Qg6 15. Ne4 Rae8 16. Bb2 Nb8 17. c5 Nxe4 18. Bxe4 Qf7 19. Qc2 g6 20. c6 Bc8 21. b5 Bf5 22. Rad1 Bxe4 23. Rxe4 Qf5 24. f4 a6 25. a4 Rf6 26. Rde1 Ref8 27. h3 h5 28. fxe5 dxe5 29. Bxe5 R6f7 30. Qd2 axb5 31. Ba1 bxa4 32. Qc3 Kh7 33. Re8 Qf2+ 34. Kh1 Rxe8 35. Rxe8 Qf1+ 36. Kh2 Qf4+ 37. Kh1 Qf1+ 38. Kh2 Qf4+ 39. Qg3 Qxg3+ 40. Kxg3 g5 41. Rxb8 Rf5 42. Rd8 b5 43. d6 cxd6 44. c7 Rc5 45. c8Q Rxc8 46. Rxc8 Kg6 47. Rb8 Kf5 48. Rxb5+ Ke4 49. Rxg5 d5 50. Rxh5 d4 51. Bxd4 Kd3 52. Rh4 a3 53. Ba1 a2 54. Ra4 Kc2 55. Rxa2+ Kb1 56. h4 Kc1 57. h5 Kb1 58. h6 Kc1 59. h7 Kb1 60. h8Q Kc1 61. Qb2+ Kd1 62. Qd2# 1-0